Yo, inmortal : historia de vida de dos madres de los falsos positivos en Colombia /

Bibliographic Details
Main Author: Fernanda Aponte, María (Author)
Other Authors: Otálvaro Otálora, Ángela Patricia (Editor)
Format: Electronic eBook
Language:Spanish
Published: Bogotá D.C., Colombia : Corporación Universitaria Minuto de Dios - UNIMINUTO, 2023.
Edition:Primera edición digital.
Subjects:
Online Access:Digitalia Hispánica

MARC

LEADER 00000nam a2200000 i 4500
001 DIGCUMD0104
003 NyNyDIG
006 m o d
007 cr |||||||||||
008 240401s2023 ck a ob 000 0 spa d
035 |a (OCoLC)1430189299 
040 |a DGITA  |b eng  |e rda  |e pn  |c DGITA 
020 |a 9789587636161  |q eBook 
041 0 |a spa  |b spa  |b eng 
043 |a s-ck---  
050 1 4 |a HV640.5.C7 ebook 
100 1 |a Fernanda Aponte, María,  |e author. 
245 1 0 |a Yo, inmortal :  |b historia de vida de dos madres de los falsos positivos en Colombia /  |c compiladora, Ángela Patricia Otálvaro Otálora ; autores, María Fernanda Aponte [and 4 others]. 
250 |a Primera edición digital. 
264 1 |a Bogotá D.C., Colombia :  |b Corporación Universitaria Minuto de Dios - UNIMINUTO,  |c 2023. 
300 |a 1 online resource :  |b illustrations. 
336 |a text  |b txt  |2 rdacontent 
337 |a computer  |b c  |2 rdamedia 
338 |a online resource  |b cr  |2 rdacarrier 
347 |a text file  |2 rdaft 
347 |b PDF 
504 |a Includes bibliographical references. 
546 |a Text in Spanish with abstract in Spanish and English.  
588 0 |a Online resource; title from PDF title page (Digitalia, viewed April 1, 2024) 
650 0 |a War victims  |z Colombia. 
650 0 |a Political violence  |z Colombia. 
700 1 |a Otálvaro Otálora, Ángela Patricia,  |e editor. 
791 2 |a Digitalia (Firm),  |e distributor. 
793 0 |g Digitalia eBook Collection:  |a Corporación Universitaria Minuto de Dios 
856 4 0 |3 Digitalia Hispánica  |u https://www.digitaliapublishing.com/a/131380/ 
910 |a Premium collection: 2024